अनुवाद कला के मूल स्त्रोत / (Record no. 118556)
[ view plain ]
| 000 -LEADER | |
|---|---|
| fixed length control field | 01335nam a22002777a 4500 |
| 005 - DATE AND TIME OF LATEST TRANSACTION | |
| control field | 20170124103116.0 |
| 010 ## - LIBRARY OF CONGRESS CONTROL NUMBER | |
| LC control number | A-692249 |
| 020 ## - INTERNATIONAL STANDARD BOOK NUMBER | |
| Terms of availability | 100.00 |
| 035 ## - SYSTEM CONTROL NUMBER | |
| System control number | A-692249 |
| 037 ## - SOURCE OF ACQUISITION | |
| Source of stock number/acquisition | Cen Lib/Ret |
| 040 ## - CATALOGING SOURCE | |
| Original cataloging agency | DPL |
| Language of cataloging | HN |
| 082 ## - DEWEY DECIMAL CLASSIFICATION NUMBER | |
| Classification number | 401.802 |
| Item number | गुप्तगा |
| 100 ## - MAIN ENTRY--PERSONAL NAME | |
| Personal name | गुप्त, गार्गी |
| 9 (RLIN) | 80836 |
| 245 ## - TITLE STATEMENT | |
| Title | अनुवाद कला के मूल स्त्रोत / |
| Statement of responsibility, etc | गार्गी गुप्त [एवं] विश्वप्रकाश गुप्त |
| 246 ## - VARYING FORM OF TITLE | |
| Title proper/short title | Anuvad kala ke mool strot / |
| Remainder of title | by Gargi Gupt [evam] evam Vishvprakash Gupt |
| 260 ## - PUBLICATION, DISTRIBUTION, ETC. (IMPRINT) | |
| Place of publication, distribution, etc | नयी दिल्ली |
| Name of publisher, distributor, etc | भारतीय अनुवाद परिषद |
| Date of publication, distribution, etc | 1992 |
| 270 ## - ADDRESS | |
| City | नयी दिल्ली |
| Address | 203 आशादीप, 9 हेली रोड |
| Postal code | 110001 |
| 300 ## - PHYSICAL DESCRIPTION | |
| Extent | 112पृ. |
| Dimensions | 19सेमी(सजिल्द ) |
| 500 ## - GENERAL NOTE | |
| General note | सन्दर्भ सूची शामिल |
| 650 ## - SUBJECT ADDED ENTRY--TOPICAL TERM | |
| Topical term or geographic name as entry element | हिन्दी भाषा |
| General subdivision | |
| Geographic subdivision | |
| 9 (RLIN) | 80837 |
| 650 ## - SUBJECT ADDED ENTRY--TOPICAL TERM | |
| Topical term or geographic name as entry element | हिन्दी भाषा--अनुवाद कला |
| 9 (RLIN) | 80838 |
| 650 ## - SUBJECT ADDED ENTRY--TOPICAL TERM | |
| Topical term or geographic name as entry element | Hindi language |
| 9 (RLIN) | 9446 |
| 650 ## - SUBJECT ADDED ENTRY--TOPICAL TERM | |
| Topical term or geographic name as entry element | Hindi language - Translation art |
| 9 (RLIN) | 80839 |
| 700 ## - ADDED ENTRY--PERSONAL NAME | |
| Personal name | गुप्त, विश्वप्रकाश |
| 9 (RLIN) | 130 |
| 942 ## - ADDED ENTRY ELEMENTS (KOHA) | |
| Source of classification or shelving scheme | Dewey Decimal Classification |
| Koha item type | Hindi Books |
| Classification part | 401.802 |
| Call number suffix | गुप्तगा |
| Withdrawn status | Lost status | Damaged status | Not for loan | Home library | Current library | Date acquired | Source of acquisition | Cost, normal purchase price | Total Checkouts | Full call number | Barcode | Date last seen | Copy number | Cost, replacement price | Price effective from | Koha item type |
|---|---|---|---|---|---|---|---|---|---|---|---|---|---|---|---|---|
| Central Library | Central Library | 11/09/2015 | Cen Lib/Ref | 100.00 | 401.802 गुप्तगा | A-692249 | 11/09/2015 | 1 | 100.00 | 11/09/2015 | Hindi Books |
